000
00332nam a2200121Ia 4500
003
GCL
008
140319s9999 xx 000 0 ara d
040
_a
GCL /
_c
GCL
082
0
4
_a
ط
_b
813.02
_b
ش ح
100
1
_a
شعبان قزامل
245
1
0
_a
حكايات وابتسامات /
_c
شعبان قزامل
490
_a
اطفالنا
_v
0
999
_c
38948
_d
38948